Manual de declaración de impuestos a la Renta 2018
محفوظ في:
| المؤلف الرئيسي: | |
|---|---|
| التنسيق: | كتاب |
| اللغة: | الإسبانية |
| منشور في: |
Santiago
Edig
2018
|
| الطبعة: | 1a. ed |
| سلاسل: | Manual Ejecutivo Tributario, 57
|
| الموضوعات: | |
| الوسوم: |
إضافة وسم
لا توجد وسوم, كن أول من يضع وسما على هذه التسجيلة!
|
MARC
| LEADER | 00000cam a2200000 a 4500 | ||
|---|---|---|---|
| 001 | UCC3142 | ||
| 003 | CL-VaPUC | ||
| 008 | 180422e20180000cl |||||||||||||||||spa|d | ||
| 082 | 0 | 4 | |a 346.078 |b SAL |2 21 |
| 100 | 0 | |a Salort Salort, Vicente E |e author |9 597211 | |
| 245 | 1 | 0 | |a Manual de declaración de impuestos a la Renta 2018 |
| 250 | |a 1a. ed | ||
| 300 | |a 633 p | ||
| 942 | |c BK | ||
| 945 | |d 20180422 17:11:00 |a dcastane | ||
| 260 | |a Santiago |b Edig |c 2018 | ||
| 650 | 0 | |a Derecho comercial |9 256340 | |
| 650 | 7 | |a MANUALES PRACTICOS |2 CL-VaPUC |9 597212 | |
| 650 | 0 | |a Sociedades anónimas |9 255387 | |
| 650 | 0 | |a Reforma tributaria |9 337444 | |
| 583 | |a last modification |c 20180422 17:11:00 |k Rodrigo Vera | ||
| 490 | 0 | |a Manual Ejecutivo Tributario, 57 | |
| 999 | |c 370992 |d 370990 | ||
| 952 | |0 0 |1 0 |3 erb |4 0 |6 346_078000000000000_SAL_2018 |7 0 |8 R |9 487814 |a BIBGIM |b BIBGIM |i 5466504 |o 346.078 SAL 2018 |p 5466504 |r 2025-01-15 |w 2019-11-24 |y BK_R |z Catalogado en:20180422 |k COM | ||
| 952 | |0 0 |1 0 |3 erb |4 0 |6 346_078000000000000_SAL_2018 |7 0 |8 R |9 487815 |a BIBGIM |b BIBGIM |i 5466490 |o 346.078 SAL 2018 |p 5466490 |r 2025-01-15 |w 2019-11-24 |y BK_R |z Catalogado en:20180422 |k COM | ||